MARC

LEADER 00000nam0a2200000 4500
001 678442
005 20250224133352.0
090 |a 678442 
100 |a 20250205d1979 k||y0rusy50 ca 
101 0 |a rus 
102 |a KZ 
105 |a a z 001yy 
181 0 |a i   |b  e  
182 0 |a n 
183 0 |a nc  |2 RDAcarrier 
200 1 |a Олигоценовая флора Мугоджар и Южного Алтая  |f Г. С. Раюшкина  |g Институт зоологии АН КССР 
203 |a Текст  |b визуальный  |c непосредственный 
210 |a Алма-Ата  |c Наука  |d 1979 
215 |a 156 с.  |c ил. 
283 |a volume  |2 RDAcarrier 
320 |a Литература: с. 116-123 
606 1 |a Палеоботаника  |9 66843 
610 1 |a олигоцен 
610 1 |a ископаемые растения 
610 1 |a геология 
610 1 |a хвойные растения 
610 1 |a Алтай 
610 1 |a Казахстан 
675 |a 561  |v 4 
700 1 |a Раюшкина  |b Г. С.  |g Галина Сергеевна 
712 0 2 |7 ca  |8 rus  |a Академия наук Казахской ССР   |b Институт зоологии  |c Алма-Ата  |c 1934-1991  |4 570  |9 88840 
801 0 |a RU  |b 63413507  |c 20250205 
830 |a Ретро2025Каталогизация Мотырева 
850 |a 63413507 
942 |c BK